| 000 | 00471nam a2200193 a 4500 | ||
|---|---|---|---|
| 005 | 20210219153302.0 | ||
| 008 | 991125n 000 0 spa u | ||
| 035 | _aUPN01000088568 | ||
| 100 | 1 | _aJaved, Farida | |
| 222 | _aEDUCADORES DEL MUNDO | ||
| 245 | _aLa mujer en la formación profesional | ||
| 300 | _a24 | ||
| 362 | 0 | _a1989 No. 3 | |
| 653 | 0 | _aEDUCACION SUPERIOR | |
| 653 | 0 | _aMUJERES | |
| 653 | 0 | _aPAKISTAN | |
| 904 |
_aAC _b026379 |
||
| 905 | _aArticulo | ||
| 999 |
_c73086 _d73086 |
||